[Event "II Open A"]
[Site "Padova ITA"]
[Date "1999.12.15"]
[Round "5"]
[White "Artizzu, Giulio"]
[Black "Popa, Florin"]
[Result "0-1"]
[WhiteElo "1825"]
[BlackElo "2213"]
[PlyCount "40"]
[EventDate "1999.12.11"]

1.e4 e5 2.f4 exf4 3.Nf3 h6 4.Bc4 d6 5.d4 g5 6.O-O Nc6 7.g3 Bg7 8.gxf4 g4 
9.c3 gxf3 10.Qxf3 Qh4 11.f5 Nf6 12.Be2 Qxe4 13.Qg3 Kf8 14.Bf3 Qd3 15.Bf4 
Ne7 16.Nd2 Bxf5 17.Rae1 Bg6 18.Ne4 Nf5 19.Nxf6 Bxf6 20.Qxg6 fxg6 0-1

[Event "II Open A"]
[Site "Padova ITA"]
[Date "1999.12.15"]
[Round "5"]
[White "Bianchi, Andrea"]
[Black "Astengo, Marcello"]
[Result "1-0"]
[WhiteElo "2121"]
[BlackElo "2017"]
[PlyCount "57"]
[EventDate "1999.12.11"]

1.e4 e6 2.Qe2 Be7 3.b3 d5 4.exd5 exd5 5.Bb2 Nf6 6.Bxf6 gxf6 7.g3 Nc6 8.Bh3
Bxh3 9.Nxh3 Qd7 10.Nf4 O-O-O 11.O-O h5 12.Nc3 Qf5 13.Qd3 Qg5 14.Ncxd5 Bd6 
15.h4 Qg7 16.Qf5+ Kb8 17.c3 Be5 18.d4 Rxd5 19.Nxd5 Bxg3 20.Qxf6 Qg8 21.Kh1
Qc8 22.Kg2 Bd6 23.Rg1 Re8 24.Qf3 Qd8 25.Rae1 Rg8+ 26.Kf1 Rxg1+ 27.Kxg1 
Qxh4 28.Re8+ Nd8 29.Qxh5 1-0

[Event "II Open A"]
[Site "Padova ITA"]
[Date "1999.12.15"]
[Round "5"]
[White "Cacco, Christian"]
[Black "Efimov, Igor"]
[Result "0-1"]
[WhiteElo "2292"]
[BlackElo "2445"]
[PlyCount "125"]
[EventDate "1999.12.11"]

1.d4 Nf6 2.Nf3 d6 3.g3 g6 4.Bg2 Bg7 5.O-O O-O 6.c4 a6 7.Nc3 Nc6 8.h3 Rb8 
9.e4 Bd7 10.Qe2 e5 11.dxe5 dxe5 12.Be3 Qc8 13.Kh2 b5 14.cxb5 axb5 15.Rac1 
Re8 16.Bg5 b4 17.Nd5 Nxd5 18.exd5 Na7 19.Rfd1 Nb5 20.Nd2 e4 21.Nb3 Nd6 22.
Qc2 Ba4 23.Qxc7 Qxc7 24.Rxc7 Bxb2 25.Bf4 Be5 26.Re1 Bxf4 27.gxf4 Bxb3 28.
axb3 f5 29.Bf1 Rec8 30.Rec1 Kf8 31.R1c6 Rxc7 32.Rxc7 Rb7 33.Rc5 Ke7 34.Ba6
Ra7 35.Bb5 Kd8 36.Ba4 Ra6 37.h4 Nc8 38.Kg2 Nb6 39.Bc6 Ra2 40.Kg1 Rd2 41.
Ra5 Kc7 42.Ra7+ Kd6 43.Rxh7 Rd3 44.Rh6 Kc5 45.Rxg6 Rxb3 46.Kg2 Rd3 47.h5 
b3 48.h6 b2 49.h7 b1=Q 50.h8=Q Rd1 51.Qf8+ Kc4 52.Bb5+ Qxb5 53.Rc6+ Kb3 
54.Qxf5 Qf1+ 55.Kg3 Qg1+ 56.Kh4 Qxf2+ 57.Kg5 Qg1+ 58.Kh6 Qd4 59.Kh7 Rh1+ 
60.Rh6 Rxh6+ 61.Kxh6 Nxd5 62.Qh3+ e3 63.f5 0-1

[Event "II Open A"]
[Site "Padova ITA"]
[Date "1999.12.15"]
[Round "5"]
[White "Caruso, Augusto"]
[Black "Zinani, Alessandro"]
[Result "1-0"]
[WhiteElo "2219"]
[BlackElo "2222"]
[PlyCount "77"]
[EventDate "1999.12.11"]

1.e4 e5 2.Bc4 Nf6 3.d3 Nc6 4.Nc3 Be7 5.f4 d6 6.Nf3 O-O 7.O-O Na5 8.Bb3 
Nxb3 9.axb3 c6 10.f5 Qc7 11.Bg5 Ng4 12.Qd2 f6 13.Bh4 b5 14.h3 Nh6 15.g4 
Nf7 16.Bf2 a6 17.h4 h6 18.Be3 Bb7 19.g5 fxg5 20.hxg5 Nxg5 21.Nxg5 Bxg5 22.
Bxg5 hxg5 23.Qxg5 Qd8 24.Qg4 Rf6 25.Kf2 d5 26.Rg1 Qd7 27.Rg3 c5 28.Rag1 
Rf7 29.Ke1 dxe4 30.Nxe4 Bxe4 31.Qxe4 Raf8 32.Rg5 Qd4 33.Qxd4 exd4 34.f6 
Rxf6 35.Rxg7+ Kh8 36.R7g5 Rh6 37.Rxc5 Rh2 38.Kd1 Rff2 39.Kc1 {...} 1-0

[Event "II Open A"]
[Site "Padova ITA"]
[Date "1999.12.15"]
[Round "5"]
[White "Chatalbashev, Boris"]
[Black "Genocchio, Daniele"]
[Result "1-0"]
[WhiteElo "2524"]
[BlackElo "2291"]
[PlyCount "41"]
[EventDate "1999.12.11"]

1.d4 Nf6 2.c4 c5 3.d5 g6 4.Nc3 Bg7 5.e4 O-O 6.Bd3 e6 7.Nge2 exd5 8.cxd5 d6
9.Bg5 a6 10.a4 Qc7 11.O-O Nbd7 12.Ng3 Rb8 13.Rc1 c4 14.Be2 Re8 15.Qd2 Qc5 
16.Bh6 b5 17.axb5 axb5 18.Bxg7 Kxg7 19.b3 b4 20.Na4 c3 21.Nf5+ 1-0

[Event "II Open A"]
[Site "Padova ITA"]
[Date "1999.12.15"]
[Round "5"]
[White "Chilingirova, Pavlina"]
[Black "Lacrosse, Marc"]
[Result "0-1"]
[WhiteElo "2227"]
[BlackElo "2218"]
[PlyCount "72"]
[EventDate "1999.12.11"]

1.c4 e6 2.Nf3 Nf6 3.g3 d5 4.Bg2 Be7 5.O-O O-O 6.Qc2 c5 7.cxd5 exd5 8.d4 b6
9.b3 Nc6 10.Bb2 Bg4 11.Nbd2 Re8 12.Rac1 Rc8 13.Qb1 cxd4 14.Rfe1 Bb4 15.a3 
Bxd2 16.Nxd2 Bxe2 17.b4 d3 18.Bxf6 Qxf6 19.Bxd5 Nd4 20.Rxc8 Rxc8 21.Rc1 
Rc2 22.Bb3 Nxb3 23.Rxc2 dxc2 24.Qxc2 Qa1+ 25.Nb1 Bc4 26.Qxc4 Qxb1+ 27.Kg2 
h6 28.Qc8+ Kh7 29.Qd7 Qe4+ 30.Kg1 Qe1+ 31.Kg2 Qe4+ 32.Kg1 f5 33.Qxa7 Qe1+ 
34.Kg2 Qe4+ 35.Kg1 Qe2 36.Qxb6 Qe1+ 0-1

[Event "II Open A"]
[Site "Padova ITA"]
[Date "1999.12.15"]
[Round "5"]
[White "Colovic, Aleksandar"]
[Black "Gleizerov, Evgeny"]
[Result "0-1"]
[WhiteElo "2423"]
[BlackElo "2520"]
[PlyCount "70"]
[EventDate "1999.12.11"]

1.e4 e6 2.d4 d5 3.Nc3 Nf6 4.Bg5 Be7 5.e5 Nfd7 6.Bxe7 Qxe7 7.f4 O-O 8.Nf3 
c5 9.dxc5 Nc6 10.Bd3 f5 11.exf6 Qxf6 12.g3 Nxc5 13.O-O Bd7 14.Qd2 Be8 15.
Rae1 Rd8 16.Ne5 Nxe5 17.Rxe5 Bc6 18.Rfe1 Rfe8 19.Qe2 a5 20.a3 a4 21.Nb5 
Bxb5 22.Bxb5 Rf8 23.Bd3 b6 24.Qe3 Nd7 25.Rxe6 Qxb2 26.Rd6 Nc5 27.Rxd5 Rxd5
28.Bc4 Kh8 29.Bxd5 Qxc2 30.Qe8 Qf5 31.Bf7 Nd7 32.Re7 Qc5+ 33.Kg2 Rxe8 34.
Rxe8+ Nf8 35.h4 g6 0-1

[Event "II Open A"]
[Site "Padova ITA"]
[Date "1999.12.15"]
[Round "5"]
[White "Danieli, Enrico"]
[Black "Diotallevi, Maurizio"]
[Result "1/2-1/2"]
[WhiteElo "2039"]
[BlackElo "1909"]
[PlyCount "76"]
[EventDate "1999.12.11"]

1.d4 d5 2.Nf3 e6 3.e3 c6 4.Bd3 Bd6 5.O-O Nd7 6.Nbd2 f5 7.c4 Nh6 8.b3 O-O 
9.Bb2 Nf7 10.cxd5 cxd5 11.Rc1 Kh8 12.Rc2 Rg8 13.Qa1 g5 14.Ne5 Rg7 15.f3 
Nf8 16.f4 Bd7 17.Ndf3 g4 18.Nxf7+ Rxf7 19.Ne5 Rg7 20.g3 Ng6 21.Rfc1 Be8 
22.a4 Rc7 23.Rxc7 Bxc7 24.Ba3 Nxe5 25.dxe5 Bb6 26.Bc5 Kg8 27.Kf2 Rc8 28.
Bd4 Bxd4 29.exd4 Rxc1 30.Qxc1 Qb6 31.Qc3 Qc6 32.Qc5 b6 33.Qxc6 Bxc6 34.Ba6
Kf8 35.Ke3 Ke7 36.Kd2 Kd8 37.Kc3 Kc7 38.Kb4 Bb7 1/2-1/2

[Event "II Open A"]
[Site "Padova ITA"]
[Date "1999.12.15"]
[Round "5"]
[White "De Bortoli, Peter"]
[Black "Dervishi, Erald"]
[Result "0-1"]
[WhiteElo "2225"]
[BlackElo "2496"]
[PlyCount "58"]
[EventDate "1999.12.11"]

1.e4 e5 2.Nc3 Nf6 3.f4 d5 4.fxe5 Nxe4 5.Nf3 Be7 6.d4 Bf5 7.Bd3 O-O 8.Qe2 
Nxc3 9.bxc3 Bxd3 10.cxd3 f5 11.g3 c6 12.c4 Na6 13.O-O Nc7 14.Rb1 b6 15.e6 
Rf6 16.Ng5 dxc4 17.Bb2 c3 18.Bxc3 h6 19.d5 hxg5 20.Bxf6 Bxf6 21.dxc6 Qd5 
22.Qf3 Qxf3 23.Rxf3 Nxe6 24.Rxf5 Rc8 25.Rc1 Nd4 26.Rf2 Rxc6 27.Rxc6 Nxc6 
28.Rc2 Nb4 29.Rc7 a5 0-1

[Event "II Open A"]
[Site "Padova ITA"]
[Date "1999.12.15"]
[Round "5"]
[White "De Santis, Alessio"]
[Black "Mrdja, Milan"]
[Result "1/2-1/2"]
[WhiteElo "2352"]
[BlackElo "2425"]
[PlyCount "83"]
[EventDate "1999.12.11"]

1.d4 Nf6 2.Nf3 g6 3.Nbd2 d5 4.e3 Bg7 5.Be2 O-O 6.b4 c6 7.a4 Nbd7 8.Ba3 Qc7
9.c4 e5 10.O-O exd4 11.Nxd4 Re8 12.Rc1 Qd8 13.N2f3 Bf8 14.Qb3 a5 15.c5 
axb4 16.Bxb4 Ne4 17.Qa3 f5 18.Rc2 h6 19.g3 Kh7 20.Rfc1 Qf6 21.a5 Nb8 22.
Qb2 Qf7 23.Qb3 Bg7 24.Bf1 Bf6 25.Bg2 Na6 26.Nd2 Qc7 27.Nxe4 fxe4 28.Bd2 
Qg7 29.Qa4 Qe7 30.Bf1 h5 31.Nb3 Nc7 32.Bc3 Rf8 33.Bxf6 Qxf6 34.Nd4 h4 35.
Qb4 Rf7 36.Qc3 hxg3 37.fxg3 Qg5 38.Rf2 Rxf2 39.Kxf2 Bg4 40.Bg2 Rf8+ 41.Kg1
Rf7 42.Rf1 1/2-1/2

[Event "II Open A"]
[Site "Padova ITA"]
[Date "1999.12.15"]
[Round "5"]
[White "Di Lazzaro, Gabriele"]
[Black "Giacomini, Massimo"]
[Result "1-0"]
[WhiteElo "2015"]
[BlackElo "1932"]
[PlyCount "57"]
[EventDate "1999.12.11"]

1.e4 c5 2.c3 e5 3.Nf3 Nc6 4.Bc4 Qc7 5.O-O Be7 6.Qe2 d6 7.h3 Nf6 8.Rd1 O-O 
9.d4 cxd4 10.cxd4 Na5 11.Bd3 b6 12.Nc3 Be6 13.Nb5 Qb8 14.b4 Nb7 15.Bb2 
exd4 16.Nbxd4 Bd7 17.e5 dxe5 18.Nxe5 Bd6 19.Nxd7 Nxd7 20.Nf5 Re8 21.Qg4 
Be5 22.Bxe5 Qxe5 23.Nh6+ Kf8 24.Qxd7 Re7 25.Ng4 Qc3 26.Qf5 Rae8 27.Qxh7 g6
28.Nh6 Re1+ 29.Bf1 1-0

[Event "II Open A"]
[Site "Padova ITA"]
[Date "1999.12.15"]
[Round "5"]
[White "Joksic, Sinisa"]
[Black "Van Hoolandt, Patrick"]
[Result "1-0"]
[WhiteElo "2288"]
[BlackElo "2050"]
[PlyCount "123"]
[EventDate "1999.12.11"]

1.d4 g6 2.e4 d6 3.c4 Bg7 4.Nc3 Nc6 5.Be3 e5 6.Nge2 Nh6 7.f3 f5 8.d5 Ne7 9.
Qd2 Nf7 10.O-O-O O-O 11.Kb1 c5 12.dxc6 bxc6 13.c5 fxe4 14.fxe4 d5 15.exd5 
Bf5+ 16.Ka1 cxd5 17.Nxd5 Nxd5 18.Qxd5 Be6 19.Qxd8 Raxd8 20.Rxd8 Rxd8 21.
Nc3 Nh6 22.Ba6 Nf5 23.Bg5 Rd4 24.Rd1 h6 25.Bc1 Bf8 26.Rxd4 Nxd4 27.Bd3 
Bxc5 28.Bxg6 Kg7 29.Be4 Bb4 30.Kb1 h5 31.a3 Bd6 32.b4 Bc4 33.Kb2 Bc7 34.
Nd1 Ne2 35.Bg5 Nf4 36.Ne3 Be2 37.Be7 Kf7 38.Bc5 a6 39.Kc3 Ke6 40.Nf5 Kf7 
41.g3 Ne6 42.Nd6+ Bxd6 43.Bxd6 Ng5 44.Bd5+ Kf6 45.a4 Nf3 46.h4 Nd4 47.Bc5 
Nf5 48.Bf2 Nd6 49.Kd2 Bf1 50.Bf3 Kg6 51.Bd1 Bc4 52.Ke1 Bd5 53.Be2 Bc6 54.
Bc5 Nf5 55.Kf2 Bxa4 56.Bxa6 Nd4 57.Bxd4 exd4 58.b5 d3 59.Ke3 Kf5 60.b6 Bc6
61.Bxd3+ Kg4 62.Kf2 {...} 1-0

[Event "II Open A"]
[Site "Padova ITA"]
[Date "1999.12.15"]
[Round "5"]
[White "Manca, Federico"]
[Black "Timoscenko, Gennadij A."]
[Result "1/2-1/2"]
[WhiteElo "2373"]
[BlackElo "2536"]
[PlyCount "105"]
[EventDate "1999.12.11"]

1.e4 e5 2.Nf3 Nc6 3.d4 exd4 4.Nxd4 Bc5 5.Be3 Qf6 6.c3 Nge7 7.Bc4 O-O 8.O-O
Bb6 9.Nc2 Qg6 10.Bxb6 axb6 11.Nd2 Ne5 12.Be2 d5 13.f4 N5c6 14.f5 Qh6 15.f6
gxf6 16.exd5 Nxd5 17.Ne4 Be6 18.c4 Nf4 19.Qd2 Nxe2+ 20.Qxe2 f5 21.Ng3 Ra5 
22.b3 Re5 23.Qf2 Rd8 24.Rad1 Rxd1 25.Rxd1 f4 26.Ne2 Bg4 27.Re1 Bxe2 28.
Rxe2 Rxe2 29.Qxe2 Qd6 30.Ne1 Qd4+ 31.Kf1 Ne5 32.Nf3 Qa1+ 33.Qe1 Qxe1+ 34.
Kxe1 Nxf3+ 35.gxf3 Kg7 36.Ke2 Kf6 37.Kd3 Kf5 38.Ke2 Ke6 39.Kd3 Ke5 40.Kc3 
Kf5 41.Kd3 Kg5 42.Ke2 Kh4 43.Kf2 Kh3 44.Kg1 c6 45.b4 b5 46.cxb5 cxb5 47.
Kh1 Kh4 48.Kg2 Kg5 49.Kf2 Kf5 50.Ke2 Kf6 51.Kd2 Ke6 52.Kd3 Ke5 53.Kc3 
1/2-1/2

[Event "II Open A"]
[Site "Padova ITA"]
[Date "1999.12.15"]
[Round "5"]
[White "Rogulj, Branko"]
[Black "Rossato, Armando"]
[Result "1-0"]
[WhiteElo "2427"]
[BlackElo "2219"]
[PlyCount "79"]
[EventDate "1999.12.11"]

1.e4 e6 2.d4 d5 3.Nc3 Bb4 4.Ne2 dxe4 5.a3 Be7 6.Nxe4 Nf6 7.N2g3 Nbd7 8.Be3
O-O 9.Nxf6+ Bxf6 10.Ne4 Be7 11.g3 f5 12.Nc3 a6 13.Bg2 Bd6 14.Qd2 Rb8 15.
O-O Nf6 16.Rfe1 Bd7 17.Bf4 Re8 18.Re2 h6 19.Rae1 g5 20.Be5 Ng4 21.Bxd6 
cxd6 22.f4 Kf7 23.h3 Nf6 24.d5 e5 25.fxe5 dxe5 26.Rxe5 Qb6+ 27.Kh2 Rxe5 
28.Rxe5 Qxb2 29.d6 Rc8 30.Re3 f4 31.gxf4 gxf4 32.Re7+ Kg6 33.Ne2 Rxc2 34.
Nxf4+ Kf5 35.Qd3+ Kxf4 36.Qf3+ Kg5 37.Rg7+ Kh4 38.Qg3+ Kh5 39.Qg6+ Kh4 40.
Qxh6+ 1-0

[Event "II Open A"]
[Site "Padova ITA"]
[Date "1999.12.15"]
[Round "5"]
[White "Rossi, Carlo"]
[Black "Naumkin, Igor"]
[Result "1-0"]
[WhiteElo "2361"]
[BlackElo "2489"]
[PlyCount "57"]
[EventDate "1999.12.11"]

1.e4 e6 2.Nf3 d5 3.Nc3 Nf6 4.e5 Nfd7 5.d4 c5 6.Bb5 Nc6 7.O-O Be7 8.Re1 a6 
9.Bxc6 bxc6 10.Na4 cxd4 11.Qxd4 h5 12.h4 c5 13.Qf4 Rb8 14.Bd2 Bb7 15.Qg3 
Bf8 16.b3 Bc6 17.Nb2 Qc7 18.Nd3 a5 19.Rad1 a4 20.Ng5 Be7 21.Qf4 Bxg5 22.
Qxg5 g6 23.Nf4 Qd8 24.Nxe6 Qxg5 25.Nxg5 Nf8 26.e6 f6 27.Nf7 Rh7 28.Bf4 Ra8
29.c4 1-0

[Event "II Open A"]
[Site "Padova ITA"]
[Date "1999.12.15"]
[Round "5"]
[White "Tomescu, Vlad"]
[Black "Ortega, Lexy"]
[Result "0-1"]
[WhiteElo "2453"]
[BlackElo "2499"]
[PlyCount "96"]
[EventDate "1999.12.11"]

1.e4 c5 2.Nf3 d6 3.d4 cxd4 4.Nxd4 Nf6 5.Nc3 a6 6.Be3 e6 7.f3 b5 8.Qd2 Bb7 
9.a3 Nbd7 10.g4 h6 11.O-O-O Rc8 12.Bd3 Ne5 13.g5 hxg5 14.Bxg5 Be7 15.f4 
Nxd3+ 16.cxd3 Qb6 17.Nc2 a5 18.Kb1 b4 19.axb4 axb4 20.Na4 Qb5 21.Bxf6 gxf6
22.b3 f5 23.Rhe1 fxe4 24.dxe4 Rh3 25.Nd4 Rxb3+ 26.Nxb3 Qxa4 27.Qa2 Qxa2+ 
28.Kxa2 Rc2+ 29.Kb1 Rxh2 30.Rd4 d5 31.Na5 Ba6 32.exd5 Bf6 33.Re5 Rh4 34.
Nc6 Bxe5 35.Nxe5 f6 36.Nc6 exd5 37.Nxb4 Bc4 38.Kb2 Rh5 39.Kc3 Ke7 40.Rd2 
Kd6 41.Kd4 Rh4 42.Rf2 Rh3 43.Rg2 Rb3 44.Rg6 Rxb4 45.Rxf6+ Ke7 46.Ke5 d4 
47.Rh6 d3 48.Rh2 Be6 0-1

[Event "II Open A"]
[Site "Padova ITA"]
[Date "1999.12.15"]
[Round "5"]
[White "Ulibin, Mikhail"]
[Black "Godena, Michele"]
[Result "1/2-1/2"]
[WhiteElo "2562"]
[BlackElo "2490"]
[PlyCount "67"]
[EventDate "1999.12.11"]

1.e4 e5 2.Nf3 Nc6 3.Bb5 a6 4.Ba4 Nf6 5.O-O b5 6.Bb3 Bc5 7.c3 d6 8.d4 Bb6 
9.h3 Bb7 10.Re1 Ne7 11.Nbd2 Ng6 12.Bc2 O-O 13.Nf1 Re8 14.Ng3 d5 15.Nxe5 
Nxe5 16.dxe5 Nxe4 17.Nxe4 dxe4 18.Qxd8 Raxd8 19.Bf4 h6 20.h4 e3 21.Bxe3 
Rxe5 22.Bxb6 Rxe1+ 23.Rxe1 cxb6 24.Re7 Bc6 25.Rc7 Be8 26.Rb7 Rd2 27.Be4 
Rxb2 28.Rb8 Kf8 29.Bc6 Rb1+ 30.Kh2 Re1 31.Ra8 Re6 32.Bd7 Re7 33.Bc6 Re6 
34.Bd7 1/2-1/2

[Event "II Open A"]
[Site "Padova ITA"]
[Date "1999.12.16"]
[Round "6"]
[White "Astengo, Marcello"]
[Black "Artizzu, Giulio"]
[Result "0-1"]
[WhiteElo "2017"]
[BlackElo "1825"]
[PlyCount "58"]
[EventDate "1999.12.11"]

1.d4 Nf6 2.c4 c5 3.d5 e6 4.Nc3 exd5 5.cxd5 d6 6.e4 g6 7.Bd3 Bg7 8.h3 O-O 
9.Nf3 Re8 10.O-O Na6 11.Re1 Nc7 12.Qc2 a6 13.a4 Bd7 14.Bf4 Qe7 15.Rad1 Qf8
16.Bh2 b5 17.Bf1 Rad8 18.e5 Bf5 19.Qd2 dxe5 20.axb5 axb5 21.d6 b4 22.Nb5 
Nxb5 23.Bxb5 Re6 24.Bxe5 Ne4 25.Qf4 Bxe5 26.Nxe5 Nxd6 27.g4 Bc2 28.Rxd6 
Rdxd6 29.Bc4 Rd4 0-1

[Event "II Open A"]
[Site "Padova ITA"]
[Date "1999.12.16"]
[Round "6"]
[White "Bracaglia, Carlo"]
[Black "Zinani, Alessandro"]
[Result "1/2-1/2"]
[WhiteElo "2134"]
[BlackElo "2222"]
[PlyCount "102"]
[EventDate "1999.12.11"]

1.e4 e5 2.Nf3 Nf6 3.Nc3 Nc6 4.d4 exd4 5.Nxd4 Bb4 6.Nxc6 bxc6 7.Bd3 O-O 8.
O-O Re8 9.Re1 d5 10.exd5 Rxe1+ 11.Qxe1 cxd5 12.Bg5 Be6 13.a3 Bd6 14.Qd2 h6
15.Bf4 c6 16.Na4 Qc7 17.Bxd6 Qxd6 18.Qb4 Qc7 19.Qd4 Ng4 20.f4 Re8 21.Re1 
Bd7 22.Rxe8+ Bxe8 23.c3 Qe7 24.Bf1 Qe1 25.h3 Ne3 26.Qd3 Bd7 27.Qe2 Qg3 28.
Qf2 Qxf2+ 29.Kxf2 Nf5 30.Nc5 Bc8 31.g4 Nd6 32.Ke3 Kf8 33.Kd4 Ke7 34.b4 f6 
35.a4 Bd7 36.Bd3 h5 37.Be2 hxg4 38.hxg4 Be8 39.Bd3 g5 40.fxg5 fxg5 41.Ke5 
Bd7 42.Nxd7 Kxd7 43.Kd4 Nb7 44.Ba6 Nd6 45.Be2 Ne4 46.Bf3 Nd2 47.Bg2 Kd6 
48.Ke3 Nc4+ 49.Kd4 Ne5 50.Bh3 Nc4 51.Bf1 Ne5 1/2-1/2

[Event "II Open A"]
[Site "Padova ITA"]
[Date "1999.12.16"]
[Round "6"]
[White "Chilingirova, Pavlina"]
[Black "Di Lazzaro, Gabriele"]
[Result "1-0"]
[WhiteElo "2227"]
[BlackElo "2015"]
[PlyCount "133"]
[EventDate "1999.12.11"]

1.c4 b6 2.e4 e6 3.d4 Bb7 4.d5 exd5 5.cxd5 Bb4+ 6.Nc3 Qe7 7.Qe2 Nf6 8.f3 
O-O 9.Bf4 c6 10.d6 Qe6 11.Qc4 Nd5 12.Bg3 f5 13.O-O-O Bxc3 14.exd5 cxd5 15.
Qf4 Bf6 16.h4 Nc6 17.Re1 Qf7 18.Nh3 Rac8 19.Kb1 g6 20.h5 Rfe8 21.hxg6 
Rxe1+ 22.Bxe1 Qxg6 23.Bd3 Be5 24.Qxf5 Qxf5 25.Bxf5 Rd8 26.Ng5 h6 27.Rxh6 
Bf4 28.Rg6+ Kf8 29.Bh4 Ne5 30.Nh7+ Kf7 31.Bxd8 Nxg6 32.Bxd7 Bxd6 33.Ng5+ 
Kg7 34.Ne6+ Kf7 35.Bg5 Ba6 36.Nd4 Bc5 37.Be6+ Kg7 38.Nf5+ Kf8 39.Bh6+ Ke8 
40.Ng7+ Ke7 41.Bxd5 Kd6 42.Be4 Ne7 43.Bf4+ Kd7 44.g4 Bc4 45.b3 Bd5 46.Bxd5
Nxd5 47.Be5 b5 48.Nf5 a5 49.Ng3 Ke6 50.Bb2 a4 51.Ne4 Be7 52.Bd4 axb3 53.
axb3 Nf4 54.Kc2 Kd5 55.Bb2 Bd8 56.Kd2 Bb6 57.Nf6+ Ke6 58.Nh5 Ng2 59.Kd3 
Kd5 60.Nf6+ Ke6 61.Ke4 Bf2 62.f4 b4 63.f5+ Kf7 64.g5 Be1 65.g6+ Kf8 66.
Nd7+ Kg8 67.f6 1-0

[Event "II Open A"]
[Site "Padova ITA"]
[Date "1999.12.16"]
[Round "6"]
[White "De Santis, Alessio"]
[Black "Tomescu, Vlad"]
[Result "1-0"]
[WhiteElo "2352"]
[BlackElo "2453"]
[PlyCount "125"]
[EventDate "1999.12.11"]

1.d4 Nf6 2.Nf3 g6 3.Nbd2 Bg7 4.e4 d6 5.Bd3 O-O 6.O-O Nc6 7.c3 e5 8.dxe5 
dxe5 9.Qc2 Nh5 10.Re1 Nf4 11.Bf1 Qf6 12.b4 a6 13.a4 Rd8 14.Kh1 Bg4 15.Ng1 
h6 16.f3 Be6 17.g3 Nh5 18.Nc4 b6 19.Be3 Qe7 20.a5 b5 21.Nb2 Bf8 22.Rad1 
Nf6 23.Rxd8 Rxd8 24.Rd1 Rxd1 25.Qxd1 Qd7 26.Qc1 Kh7 27.Qc2 Ne8 28.Ne2 Nd6 
29.Nc1 f5 30.Bc5 fxe4 31.fxe4 Be7 32.Bd3 Bh3 33.Qf2 Qe6 34.Kg1 Nf7 35.Bxe7
Nxe7 36.Qc5 c6 37.Nd1 Ng5 38.Qe3 Qf6 39.Nf2 Nf3+ 40.Kh1 Ne1 41.Be2 Nc2 42.
Qa7 Bc8 43.Ncd3 Na3 44.Kg1 h5 45.Bf1 Nb1 46.Bh3 Bxh3 47.Nxh3 Nxc3 48.Nhf2 
h4 49.gxh4 Qxh4 50.Qxa6 Nxe4 51.Qa7 Nxf2 52.Nxf2 Qg5+ 53.Kf1 Qc1+ 54.Ke2 
Qc2+ 55.Ke3 Qc1+ 56.Kf3 Qf4+ 57.Kg2 Qg5+ 58.Kf1 Kh6 59.Qc5 Nd5 60.a6 Qd2 
61.a7 Ne3+ 62.Qxe3+ Qxe3 63.Ng4+ 1-0

[Event "II Open A"]
[Site "Padova ITA"]
[Date "1999.12.16"]
[Round "6"]
[White "Dervishi, Erald"]
[Black "Mrdja, Milan"]
[Result "0-1"]
[WhiteElo "2496"]
[BlackElo "2425"]
[PlyCount "72"]
[EventDate "1999.12.11"]

1.e4 c5 2.Nf3 d6 3.d4 cxd4 4.Nxd4 Nf6 5.Nc3 a6 6.Be2 e5 7.Nb3 Be7 8.O-O 
O-O 9.Kh1 Be6 10.f4 exf4 11.Bxf4 Nc6 12.Qe1 b5 13.Rd1 Qc7 14.Nd5 Bxd5 15.
exd5 Ne5 16.c3 Rfe8 17.Qg3 Ng6 18.Be3 Bf8 19.Bd3 Ne4 20.Qf3 Nc5 21.Bc2 Ne5
22.Qh3 g6 23.Nd4 Bg7 24.Bf4 Ncd7 25.Bh6 Nb6 26.Bxg7 Kxg7 27.Rf4 Nxd5 28.
Nf5+ gxf5 29.Rxd5 Ng6 30.Rf1 Re5 31.Rxe5 dxe5 32.Qxf5 Qe7 33.Bb3 f6 34.h4 
Rd8 35.h5 Nf4 36.Rf3 Rd6 0-1

[Event "II Open A"]
[Site "Padova ITA"]
[Date "1999.12.16"]
[Round "6"]
[White "Diotallevi, Maurizio"]
[Black "De Bortoli, Peter"]
[Result "0-1"]
[WhiteElo "1909"]
[BlackElo "2225"]
[PlyCount "70"]
[EventDate "1999.12.11"]

1.d4 Nf6 2.c4 e6 3.Nc3 Bb4 4.Qc2 c5 5.dxc5 O-O 6.Nf3 Qa5 7.Bd2 Qxc5 8.e3 
Qh5 9.Be2 Nc6 10.O-O b6 11.a3 Bd6 12.Ne4 Nxe4 13.Qxe4 g5 14.g3 Bb7 15.Qd3 
g4 16.Ne1 Bc7 17.f4 Rad8 18.e4 d5 19.cxd5 exd5 20.e5 Ne7 21.Nc2 d4 22.Rad1
Rfe8 23.Bc1 Nf5 24.Rf2 Re6 25.Kf1 b5 26.Ke1 Bb6 27.Bf1 Bd5 28.Rfd2 f6 29.
Qxb5 fxe5 30.fxe5 Rxe5+ 31.Re2 Qxh2 32.Bf4 Rxe2+ 33.Qxe2 Qh5 34.Kd2 d3 35.
Qxd3 Bf3 0-1

[Event "II Open A"]
[Site "Padova ITA"]
[Date "1999.12.16"]
[Round "6"]
[White "Efimov, Igor"]
[Black "Rossi, Giampiero"]
[Result "1-0"]
[WhiteElo "2445"]
[BlackElo "2020"]
[PlyCount "61"]
[EventDate "1999.12.11"]

1.e4 c5 2.Nf3 e6 3.Nc3 a6 4.d4 cxd4 5.Nxd4 Qc7 6.Bd3 Nc6 7.Be3 Nf6 8.Nb3 
Be7 9.f4 d6 10.Qf3 O-O 11.g4 Re8 12.g5 Nd7 13.O-O b5 14.a3 Bb7 15.Qh3 Bf8 
16.f5 Nde5 17.Rf4 exf5 18.Raf1 Ng6 19.exf5 Rxe3 20.Qxe3 Nxf4 21.Rxf4 Ne5 
22.Be4 Nc4 23.Qd4 Bxe4 24.Rxe4 Nxb2 25.Qd5 Ra7 26.Re8 Qb6+ 27.Nd4 Re7 28.
Rxe7 Bxe7 29.g6 Kh8 30.gxf7 h6 31.Qa8+ 1-0

[Event "II Open A"]
[Site "Padova ITA"]
[Date "1999.12.16"]
[Round "6"]
[White "Genocchio, Daniele"]
[Black "Caruso, Augusto"]
[Result "1/2-1/2"]
[WhiteElo "2291"]
[BlackElo "2219"]
[PlyCount "53"]
[EventDate "1999.12.11"]

1.e4 e5 2.Nf3 Nc6 3.Bb5 Nf6 4.Qe2 Bc5 5.O-O O-O 6.d3 d6 7.Bxc6 bxc6 8.Bg5 
h6 9.Be3 Bb6 10.Nbd2 Be6 11.c4 Nd7 12.d4 Bg4 13.d5 f5 14.dxc6 fxe4 15.Nxe4
Nf6 16.h3 Bxe3 17.Nxf6+ Qxf6 18.fxe3 Bh5 19.Qd2 Qe7 20.Nh2 Rxf1+ 21.Rxf1 
Qe8 22.Qd5+ Bf7 23.Qe4 Bg6 24.Qf3 Rb8 25.b3 Rb6 26.Qd5+ Kh7 27.Ng4 1/2-1/2

[Event "II Open A"]
[Site "Padova ITA"]
[Date "1999.12.16"]
[Round "6"]
[White "Gleizerov, Evgeny"]
[Black "Manca, Federico"]
[Result "1/2-1/2"]
[WhiteElo "2520"]
[BlackElo "2373"]
[PlyCount "91"]
[EventDate "1999.12.11"]

1.d4 Nf6 2.c4 g6 3.Nc3 Bg7 4.e4 d6 5.Nf3 O-O 6.Be2 c5 7.O-O cxd4 8.Nxd4 
Nc6 9.Be3 Bd7 10.Qd2 Nxd4 11.Bxd4 Bc6 12.f3 a5 13.b3 Nd7 14.Bf2 Nc5 15.
Rab1 Qb6 16.a3 Qd8 17.Bd1 b6 18.b4 axb4 19.axb4 Nd7 20.Bb3 Kh8 21.Ne2 Ne5 
22.Nd4 Bb7 23.Qe3 Qc8 24.Rfc1 Ra6 25.Qe2 Kg8 26.Nc2 Qc7 27.Ne3 Bh6 28.Rc2 
e6 29.Bg3 Ra3 30.Ra2 Rfa8 31.Rxa3 Rxa3 32.Nc2 Ra8 33.Nd4 Ba6 34.f4 Nd7 35.
f5 exf5 36.exf5 Ne5 37.Ra1 Bb7 38.Rxa8+ Bxa8 39.Nb5 Qc6 40.Nc3 Qc7 41.h3 
Qa7 42.Nb5 Qe7 43.c5 bxc5 44.f6 Qxf6 45.bxc5 Bf4 46.Bxf4 1/2-1/2

[Event "II Open A"]
[Site "Padova ITA"]
[Date "1999.12.16"]
[Round "6"]
[White "Lacrosse, Marc"]
[Black "Rogulj, Branko"]
[Result "0-1"]
[WhiteElo "2218"]
[BlackElo "2427"]
[PlyCount "64"]
[EventDate "1999.12.11"]

1.d4 Nf6 2.c4 g6 3.Nc3 d5 4.Nf3 Bg7 5.cxd5 Nxd5 6.g3 O-O 7.Bg2 Nb6 8.O-O 
c6 9.e3 Na6 10.Qe2 Be6 11.b3 Qd7 12.Ba3 Bg4 13.Rfd1 Rfe8 14.Rac1 Qf5 15.
Rc2 Qa5 16.Nb1 Qh5 17.Nbd2 e5 18.dxe5 Bxe5 19.Qf1 Bg7 20.h3 Be6 21.Bd6 
Rad8 22.g4 Qa5 23.Nc4 Nxc4 24.bxc4 h5 25.gxh5 Qxh5 26.c5 Nb4 27.Rcd2 Bxa2 
28.Nd4 Bd5 29.Ra1 Ra8 30.Ra4 a5 31.Bc7 Bxg2 32.Qxg2 Qxc5 0-1

[Event "II Open A"]
[Site "Padova ITA"]
[Date "1999.12.16"]
[Round "6"]
[White "Naumkin, Igor"]
[Black "Joksic, Sinisa"]
[Result "1-0"]
[WhiteElo "2489"]
[BlackElo "2288"]
[PlyCount "87"]
[EventDate "1999.12.11"]

1.d4 Nf6 2.Nf3 g6 3.c4 Bg7 4.Nc3 c5 5.d5 O-O 6.e4 d6 7.Be2 e5 8.O-O Na6 9.
a3 Nh5 10.g3 Bh3 11.Re1 h6 12.Kh1 Nf6 13.Ng1 Bc8 14.f4 exf4 15.gxf4 Re8 
16.Bf3 Nh7 17.Bd2 f5 18.Nge2 fxe4 19.Nxe4 Bxb2 20.Rg1 Bf5 21.N2g3 Qd7 22.
Nxd6 Kh8 23.Ngxf5 gxf5 24.Nxe8 Rxe8 25.Qb3 Bf6 26.Bc3 Qf7 27.d6 Nb8 28.
Bxb7 Nd7 29.Bd5 Qf8 30.Rg8+ Qxg8 31.Bxg8 Kxg8 32.Rg1+ Kf7 33.Qb7 Nf8 34.
Bxf6 Kxf6 35.Qxa7 Re4 36.a4 Rxf4 37.a5 Rxc4 38.a6 Ra4 39.Qa8 c4 40.Qe8 f4 
41.Qe4 f3 42.Qxf3+ Ke6 43.Re1+ Kxd6 44.Qd1+ 1-0

[Event "II Open A"]
[Site "Padova ITA"]
[Date "1999.12.16"]
[Round "6"]
[White "Ortega, Lexy"]
[Black "Godena, Michele"]
[Result "1/2-1/2"]
[WhiteElo "2499"]
[BlackElo "2490"]
[PlyCount "43"]
[EventDate "1999.12.11"]

1.d4 d5 2.c4 c6 3.e3 Nf6 4.Nc3 e6 5.Nf3 a6 6.Bd3 dxc4 7.Bxc4 c5 8.a4 cxd4 
9.exd4 Be7 10.O-O O-O 11.Qe2 Nc6 12.Rd1 Nb4 13.Ne5 Bd7 14.d5 exd5 15.Nxd5 
Nfxd5 16.Bxd5 Nxd5 17.Rxd5 Bg4 18.Qe4 Qxd5 19.Qxd5 Rad8 20.Qb3 Rd1+ 21.
Qxd1 Bxd1 22.Bg5 1/2-1/2